000 00376nam a2200133Ia 4500
003 GCL
008 140319s9999 xx 000 0 eng d
040 _aGCL /
_cGCL
082 0 4 _a320.3
_bK U
100 1 _aKAMRAVA, MEBRAN
245 1 0 _aUNDERSTANDING COMPARATIVE POLITICS: A FRAMEWORK FOR ANAYLSIS /
_cKAMRAVA, MEBRAN
260 _a[S.N] :
_bROUTLEDGE ،
_c1996
300 _a223 P
999 _c14101
_d14101